| 000 | 00380nam a2200145Ia 4500 | ||
|---|---|---|---|
| 999 |
_c16856 _d16856 |
||
| 082 | _aTG.0227 | ||
| 100 | _aGanesan, M. | ||
| 245 | 0 | _aMarketing of cotton in Tamil Nadu | |
| 260 |
_c1981 _bUniversity of Madras |
||
| 300 | _a236p. + C D - 39 | ||
| 650 | _aCOTTON - MARKETING - TAMIL NADU | ||
| 650 | _aCOTTON CORPORATION OF INDIA | ||
| 710 | _aAmar Chand, D. | ||
| 942 |
_cTH _2ddc |
||